[Event "DRUGA LIGA CENTRALNE SRBIJE 2013 - Istok"]
[Site "Zajecar"]
[Date "2013.10.10"]
[Round "1.11"]
[White "Delchev, Aleksander"]
[Black "Dinic, Dragan"]
[Result "1-0"]
[WhiteElo "2643"]
[BlackElo "2309"]
[PlyCount "0"]
[EventDate "2013.10.10"]

1.e4 e5 2.Nf3 Nc6 3.Bb5 f5 4.d3 fxe4 5.dxe4 Nf6 6.O-O d6 7.a3
Bg4 8.h3 Bh5 9.Qd3 Qd7 10.Nc3 a6 11.Bc4 Bf7 12.Bxf7+ Qxf7 13.Ng5
Qd7 14.Nd5 Be7 15.f4 Rc8 16.Be3 h6 17.Nf3 Qe6 18.Qc4 Qf7 19.fxe5
dxe5 20.Nh4 O-O 21.Ng6 Rfe8 22.Ngxe7+ Nxe7 23.Rxf6 gxf6 24.Nxf6+
Kg7 25.Bxh6+ Kg6 26.Qxf7+ Kxf7 27.Nxe8 Rxe8 28.Rf1+ Kg6 29.Rf8
Rxf8 30.Bxf8 Ng8 31.Kf2 Nf6 32.Kf3 Kf7 33.Bh6 Kg6 34.Be3 b5 35.g4
a5 36.h4 a4 37.Bg5 1-0

[Event "DRUGA LIGA CENTRALNE SRBIJE 2013 - Istok"]
[Site "Zajecar"]
[Date "2013.10.10"]
[Round "1.12"]
[White "Panic, Milan"]
[Black "Mincic, Srbislav"]
[Result "1/2-1/2"]
[WhiteElo "2281"]
[BlackElo "2244"]
[PlyCount "0"]
[EventDate "2013.10.10"]

1.d4 d5 2.c4 c6 3.Nf3 Nf6 4.Qc2 e6 5.g3 Nbd7 6.Bg2 b6 7.O-O Bb7
8.Nbd2 Be7 9.e4 dxe4 10.Nxe4 Nxe4 11.Qxe4 Nf6 12.Qc2 O-O 13.Rd1
Qc8 14.c5 Rd8 15.Bf4 Nd5 16.Bg5 Qc7 17.Rac1 f6 18.Bd2 bxc5 19.dxc5
e5 20.Nh4 Bf8 21.Qa4 a5 22.Nf5 Bc8 23.Nd6 Be6 24.Nc4 Nb4 25.Bxb4
axb4 26.Qxb4 Rdb8 27.Nb6 Rxa2 28.Bf1 Qf7 29.Ra1 Qa7 30.Rxa2 Qxa2
31.Qc3 Qb3 32.Qxb3 Bxb3 33.Rd3 Be6 34.b4 e4 35.Rd4 f5 36.Kg2
Be7 37.f3 Bf6 38.Rd6 Kf7 39.fxe4 1/2-1/2

[Event "DRUGA LIGA CENTRALNE SRBIJE 2013 - Istok"]
[Site "Zajecar"]
[Date "2013.10.10"]
[Round "1.13"]
[White "Trickovic, Borivoje"]
[Black "Dodic, Dragan"]
[Result "1/2-1/2"]
[WhiteElo "2259"]
[BlackElo "2077"]
[PlyCount "0"]
[EventDate "2013.10.10"]

1.d4 d5 2.Nf3 Nf6 3.g3 Bf5 4.Bg2 e6 5.O-O Be7 6.c4 c6 7.h3 h6
8.Qb3 Qb6 9.c5 Qxb3 10.axb3 Na6 11.Bf4 Ne4 12.g4 Bh7 13.Ra4 Bd8
14.Nc3 Bc7 15.e3 Bxf4 16.exf4 Nc7 17.Re1 f6 18.Bf1 Kd7 19.b4
a6 20.Raa1 Nxc3 21.bxc3 g5 22.fxg5 hxg5 23.Re3 Rae8 24.Rae1 Bc2
25.Nd2 Re7 26.Rf3 Rf7 27.Rfe3 Re7 28.Rc1 Bg6 29.Bg2 Rg8 30.Rce1
Nb5 31.Rf3 Rf7 32.Bf1 Nc7 33.Rfe3 Re7 34.Kh2 Rh7 35.Kg2 Rgh8
36.Bd3 Bxd3 37.Rxd3 1/2-1/2

[Event "DRUGA LIGA CENTRALNE SRBIJE 2013 - Istok"]
[Site "Zajecar"]
[Date "2013.10.10"]
[Round "1.14"]
[White "Rasic, Jovan **"]
[Black "Dimitrijevic, Dusan *"]
[Result "1/2-1/2"]
[WhiteElo "2114"]
[BlackElo "2048"]
[PlyCount "0"]
[EventDate "2013.10.10"]

1.e4 e5 2.Nf3 Nc6 3.Bc4 Be7 4.O-O d6 5.h3 f5 6.d3 Na5 7.Bd5 Nf6
8.b4 Nc6 9.Bb3 Nxb4 10.Bb2 h6 11.Nh4 g5 12.Ng6 Rh7 13.Nc3 Rg7
14.Nxe7 Qxe7 15.d4 f4 16.dxe5 dxe5 17.a3 g4 18.axb4 gxh3 19.Nd5
Rxg2+ 20.Kh1 Bg4 21.Nxf6+ Qxf6 22.f3 Rd8 23.Bd5 Qh4 24.Qe1 Qxe1
25.Raxe1 Bh5 26.b5 Rg3 27.Rg1 Bxf3+ 28.Kh2 Bg2 29.Bxe5 Rf3 30.Bxc7
Rc8 31.b6 axb6 32.Bxb6 Rxc2 33.Rc1 Rb2 34.Bd4 Rd2 35.Bc3 Re2
36.Bc4 Ref2 37.Bd4 Rd2 38.Rgd1 Rxd1 39.Rxd1 Ra3 40.Bb2 Rg3 41.Bb5+
Ke7 42.Be5 Bxe4 43.Bxf4 Rb3 44.Bc4 Rb2+ 45.Kxh3 b5 46.Bd6+ Kf6
47.Rf1+ Bf5+ 48.Kg3 bxc4 49.Kf4 Re2 50.Rh1 Re4+ 51.Kf3 Kg5 52.Rg1+
Kf6 53.Rh1 Kg7 54.Bf4 Re6 55.Rg1+ Bg6 56.Ra1 h5 57.Ra7+ Kf6 58.Rc7
Bd3 59.Rc5 Be2+ 60.Kf2 Re4 61.Be3 Bg4 62.Rb5 Ke6 63.Rb6+ Kf5
64.Rb5+ Re5 65.Rb4 Re4 66.Rb5+ Kf6 67.Rc5 Bf5 68.Kf3 h4 69.Rc6+
Ke5 70.Rc5+ Ke6 71.Rc6+ Ke7 72.Rc5 Bg6 73.Rc6 Bf5 74.Rc5 Ke6
75.Rc6+ 1/2-1/2

[Event "DRUGA LIGA CENTRALNE SRBIJE 2013 - Istok"]
[Site "Zajecar"]
[Date "2013.10.10"]
[Round "1.15"]
[White "Kostic, Aleksandar"]
[Black "Petrovic, Petar R **"]
[Result "1-0"]
[WhiteElo "1982"]
[BlackElo "1709"]
[PlyCount "0"]
[EventDate "2013.10.10"]

1.e4 e5 2.Bc4 Bc5 3.Nc3 Nf6 4.d3 h6 5.f4 d6 6.Nf3 Bg4 7.fxe5
dxe5 8.Bxf7+ Ke7 9.Bc4 Rf8 10.Qe2 Nh5 11.Be3 Bd4 12.Nd5+ Ke8
13.c3 Bxe3 14.Nxe3 Nf4 15.Qf1 Bxf3 16.gxf3 Qh4+ 17.Qf2 Qxf2+
18.Kxf2 Nh3+ 19.Kg3 Ng5 20.Raf1 Rf6 21.Ng4 Rb6 22.h4 Nh7 23.Nxe5
Rxb2 24.Rb1 Rb6 25.f4 Nd7 26.Nxd7 Kxd7 27.Kf3 Rf8 28.Rxb6 axb6
29.Rg1 g5 30.f5 Kd6 31.hxg5 Nxg5+ 32.Ke3 c6 33.d4 Kd7 34.Rh1
b5 35.Bb3 Rh8 36.Kf4 b6 37.e5 c5 38.dxc5 bxc5 39.Bd5 Rh7 40.Rb1
Re7 41.f6 Rxe5 42.Rxb5 c4 43.Rb7+ Kc8 44.Ra7 1-0

[Event "DRUGA LIGA CENTRALNE SRBIJE 2013 - Istok"]
[Site "Zajecar"]
[Date "2013.10.10"]
[Round "1.21"]
[White "Nikolic, Stanimir"]
[Black "Popchev, Milko"]
[Result "0-1"]
[WhiteElo "2261"]
[BlackElo "2413"]
[PlyCount "0"]
[EventDate "2013.10.10"]

1.d4 Nf6 2.Nf3 d6 3.c4 c6 4.Nc3 Bg4 5.Bg5 e6 6.e4 Be7 7.Be3 d5
8.Bd3 O-O 9.h3 Bh5 10.e5 Nfd7 11.cxd5 cxd5 12.Qc2 Bg6 13.Bxg6
fxg6 14.O-O Nc6 15.Qd2 h6 16.Ne1 g5 17.Rc1 Nb6 18.b3 a5 19.Nd3
a4 20.bxa4 Nxa4 21.Rb1 Nxc3 22.Qxc3 Qd7 23.Rb2 Rfc8 24.Qb3 Na5
25.Qb5 Qxb5 26.Rxb5 Rc2 27.Ra1 Kf7 28.Ne1 Rc7 29.Rab1 Ra7 30.Bd2
Nc6 31.Nf3 Ke8 32.R1b2 Kd7 33.Kf1 Kc8 34.Ke2 Ra4 0-1

[Event "DRUGA LIGA CENTRALNE SRBIJE 2013 - Istok"]
[Site "Zajecar"]
[Date "2013.10.10"]
[Round "1.22"]
[White "Kostic, Nebojsa"]
[Black "Bura, Goran"]
[Result "1-0"]
[WhiteElo "2284"]
[BlackElo "2202"]
[PlyCount "0"]
[EventDate "2013.10.10"]

1.c4 Nf6 2.Nc3 g6 3.g3 d5 4.cxd5 Nxd5 5.Bg2 Nxc3 6.bxc3 Bg7 7.h4
h6 8.Rb1 Nd7 9.Qc2 Nb6 10.d3 Rb8 11.c4 Bd7 12.Bb2 O-O 13.Bxg7
Kxg7 14.c5 Na8 15.Qc3+ f6 16.d4 c6 17.Nf3 Nc7 18.O-O Bf5 19.Rbd1
Be4 20.Ne1 Bxg2 21.Nxg2 b6 22.e4 Nb5 23.Qc4 bxc5 24.Nf4 Nc7 25.Qxc5
g5 26.Nh5+ Kg6 27.Qf5+ Kf7 28.Qh7+ Ke8 29.Ng7+ Kd7 30.d5 cxd5
31.exd5 Nb5 32.Qf5+ Kd6 33.Qe6+ Kc5 34.Rb1 Qa5 35.Qc6+ Kd4 1-0

[Event "DRUGA LIGA CENTRALNE SRBIJE 2013 - Istok"]
[Site "Zajecar"]
[Date "2013.10.10"]
[Round "1.23"]
[White "Tosic, Nebojsa"]
[Black "Djordjevic, Nebojsa"]
[Result "0-1"]
[WhiteElo "2171"]
[BlackElo "2251"]
[PlyCount "0"]
[EventDate "2013.10.10"]

1.e4 d6 2.d4 Nf6 3.Nc3 g6 4.Bc4 c6 5.Qe2 Bg7 6.Bg5 e5 7.O-O-O
Qe7 8.f4 Bg4 9.Nf3 Nbd7 10.h3 Bxf3 11.gxf3 h6 12.Bh4 O-O 13.dxe5
dxe5 14.Rhg1 Kh7 15.f5 g5 16.Bf2 Nh5 17.h4 Bf6 18.hxg5 Bxg5+
19.Kb1 Nf4 20.Qf1 b5 21.Bb3 a5 22.a4 Nc5 23.Rxg5 hxg5 24.Qh1+
Kg7 25.f6+ Kxf6 26.Qh6+ Ng6 27.f4 Nxb3 28.fxg5+ Ke6 29.Qh3+ f5
30.cxb3 Qxg5 31.axb5 cxb5 32.Rg1 Nf4 33.Qe3 Qd8 34.Rd1 Qb8 35.exf5+
Rxf5 36.Qc5 Ra6 37.Nxb5 Rf7 38.Qc4+ Kf6 39.Bh4+ Kg7 40.Qc5 Ng6
41.Bg3 Re6 42.Qd5 Rfe7 43.Ka2 Qb7 44.Qd3 Qa6 45.Qd5 a4 46.Na3
axb3+ 47.Qxb3 Rb6 48.Qc3 Rc6 49.Qe3 Qb6 50.Qd3 e4 51.Qd5 e3 52.Be1
e2 53.Rb1 Qc7 54.Ba5 Qd7 55.Qb3 Qe6 56.Re1 Nf4 57.Bd2 0-1

[Event "DRUGA LIGA CENTRALNE SRBIJE 2013 - Istok"]
[Site "Zajecar"]
[Date "2013.10.10"]
[Round "1.24"]
[White "Djordjevic, Vuk **"]
[Black "Njegic, Vladimir"]
[Result "1/2-1/2"]
[WhiteElo "2123"]
[BlackElo "2160"]
[PlyCount "0"]
[EventDate "2013.10.10"]

1.d4 Nf6 2.Bg5 e6 3.e4 h6 4.Bxf6 Qxf6 5.Nf3 d6 6.c3 Nd7 7.Nbd2
g5 8.h3 h5 9.Bd3 g4 10.Ng1 e5 11.Ne2 Bh6 12.Nb3 Nf8 13.h4 Ng6
14.g3 exd4 15.cxd4 O-O 16.Qc2 c5 17.e5 dxe5 18.dxe5 Bd7 19.Be4
Qa6 20.Rd1 Bc6 21.Bxc6 Qxc6 22.O-O Rad8 23.Nc3 Qe6 24.Rxd8 Rxd8
25.Rd1 Rxd1+ 26.Qxd1 Bf8 27.Qd5 Qxd5 28.Nxd5 Kg7 29.a4 Ne7 30.Nc3
Nc6 31.Ne4 f5 32.Kf1 Kf7 33.Ke2 Kg6 34.Kd3 f4 35.Nc3 Be7 36.Nb5
Bd8 37.Nd6 b5 38.Nxb5 Nxe5+ 39.Ke2 1/2-1/2

[Event "DRUGA LIGA CENTRALNE SRBIJE 2013 - Istok"]
[Site "Zajecar"]
[Date "2013.10.10"]
[Round "1.25"]
[White "Kostic, Tomislav **"]
[Black "Petrov, Georgi"]
[Result "0-1"]
[WhiteElo "1991"]
[BlackElo "2219"]
[PlyCount "0"]
[EventDate "2013.10.10"]

1.e4 c5 2.Nf3 Nc6 3.d4 cxd4 4.Nxd4 Nf6 5.Nc3 Qb6 6.Nb3 e6 7.Be3
Qc7 8.f3 Bb4 9.Qd2 d5 10.a3 Bxc3 11.Qxc3 dxe4 12.fxe4 O-O 13.Bd3
Ng4 14.Bc5 Rd8 15.O-O-O b6 16.Bg1 Bb7 17.h3 Qf4+ 18.Kb1 Nf6 19.Bh2
Qg5 20.Rdf1 Rac8 21.Bf4 Qg6 22.e5 Ne4 23.Qe1 Nd4 24.Nxd4 Rxd4
25.h4 Rxd3 26.cxd3 Nc5 27.Qd2 Nxd3 28.Ka1 Nc5 29.Rf3 Bxf3 30.gxf3
Nb3+ 0-1

[Event "DRUGA LIGA CENTRALNE SRBIJE 2013 - Istok"]
[Site "Zajecar"]
[Date "2013.10.10"]
[Round "1.26"]
[White "Djukic, Nebojsa"]
[Black "Zivanovic, Zoran M"]
[Result "1-0"]
[WhiteElo "2177"]
[BlackElo "2026"]
[PlyCount "0"]
[EventDate "2013.10.10"]

1.e4 e5 2.Nf3 Nc6 3.Bc4 Bc5 $10 4.Nc3 d6 5.d3 Bg4 6.Be3 Bb6 7.h3
Bh5 8.g4 Bg6 9.a3 h5 10.Rg1 hxg4 11.hxg4 Bxe3 12.fxe3 Qd7 13.Qe2
Nf6 14.Qg2 O-O-O 15.O-O-O a6 16.Rdf1 Rdf8 17.Qg3 Qd8 18.Rh1 Qd7
19.Rhg1 Qd8 20.g5 Nd7 21.Nh4 Ne7 22.Nxg6 fxg6 23.Be6 Kb8 24.Nd5
c6 25.Nxe7 Qxe7 26.Rxf8+ Rxf8 27.d4 1-0

[Event "DRUGA LIGA CENTRALNE SRBIJE 2013 - Istok"]
[Site "Zajecar"]
[Date "2013.10.10"]
[Round "1.27"]
[White "Kostic, Marko **"]
[Black "Stoimenov, Roki"]
[Result "1-0"]
[WhiteElo "1731"]
[BlackElo "2053"]
[PlyCount "0"]
[EventDate "2013.10.10"]

1.d4 Nf6 2.Bf4 g6 3.e3 b6 4.h3 Bb7 5.Nd2 Bg7 6.Ngf3 d6 7.Be2
Nbd7 8.Bh2 Ne4 9.Nc4 O-O 10.O-O c5 11.c3 b5 12.Na3 a6 13.Nc2
c4 14.a4 Nb6 15.axb5 axb5 16.Nb4 Rxa1 17.Qxa1 Qa8 18.Rd1 Qxa1
19.Rxa1 Ra8 20.Rxa8+ Bxa8 21.Bd1 Na4 22.Bxa4 bxa4 23.Nc2 f5 24.Kf1
g5 25.Ke2 g4 26.hxg4 fxg4 27.Nfe1 e5 28.dxe5 dxe5 29.f3 gxf3+
30.gxf3 Nc5 31.e4 Bc6 32.Bg1 Ne6 33.Na3 h5 34.Ng2 Bh6 35.Bh2
Bc1 36.Ne3 Bxb2 37.Nexc4 Bxc3 38.Nxe5 Bb7 39.Nec4 Ba6 40.f4 Bb2
41.Kd2 Nd4 42.Nxb2 Nf3+ 43.Ke3 Nxh2 44.Nxa4 Ng4+ 45.Kf3 Bc8 46.Nb6
Be6 47.Nc2 Nf6 48.Nd4 Bg4+ 49.Ke3 h4 50.Nf3 Bh5 51.Nh2 Bd1 52.e5
Nh5 53.Nd5 Ng7 54.Nc3 Nf5+ 55.Kf2 Bh5 56.Ne4 Kh7 1-0

[Event "DRUGA LIGA CENTRALNE SRBIJE 2013 - Istok"]
[Site "Zajecar"]
[Date "2013.10.10"]
[Round "1.28"]
[White "Bozilov, Dragan **"]
[Black "Dubravcic, Nikola **"]
[Result "1-0"]
[WhiteElo "1925"]
[BlackElo "1658"]
[PlyCount "0"]
[EventDate "2013.10.10"]

1.d4 d5 2.c4 dxc4 3.Nc3 Nf6 4.Nf3 Bg4 5.Ne5 Bf5 6.Qa4+ c6 7.Qxc4
e6 8.Bg5 Be7 9.e3 Nbd7 10.Rd1 O-O 11.Be2 Bc2 12.Nxd7 Qxd7 13.Rc1
Bg6 14.O-O Rfc8 15.Rfd1 Nd5 16.Bxe7 Qxe7 17.Bf3 Nb6 18.Qb3 Rd8
19.a4 Nd5 20.a5 Rac8 21.Na4 Rc7 22.Nc5 b6 23.Na6 Rb7 24.Rxc6
bxa5 25.Qa4 Nb4 26.Nxb4 Qxb4 27.Qa2 Qxb2 28.Qxa5 h6 29.Qxd8+
Kh7 30.Qa5 Rb6 31.Rc5 f6 32.Qc3 Qa2 33.Ra5 Qb1 1-0

[Event "DRUGA LIGA CENTRALNE SRBIJE 2013 - Istok"]
[Site "Zajecar"]
[Date "2013.10.10"]
[Round "1.31"]
[White "Garic, Radomir"]
[Black "Blagojevic, Vladan"]
[Result "1/2-1/2"]
[WhiteElo "2261"]
[BlackElo "2148"]
[PlyCount "0"]
[EventDate "2013.10.10"]

1.e4 e6 2.d4 d5 3.Nc3 dxe4 4.Nxe4 Nf6 5.Bg5 Be7 6.Bxf6 Bxf6 7.Nf3
Nc6 8.Bb5 Qd5 9.Qe2 a6 10.Nxf6+ gxf6 11.c4 Qd6 12.Bxc6+ Qxc6
13.O-O O-O 14.Rad1 b5 15.b3 Bb7 16.d5 Qd6 17.Nd4 Kh8 18.Qf3 Qe5
19.Rfe1 Qg5 20.h4 Qxh4 21.Re4 Qg5 22.Rg4 Qh6 23.Qg3 Rg8 24.Rxg8+
Rxg8 25.Qxc7 Qh4 26.Rd3 Qe4 27.g3 bxc4 28.bxc4 Qg6 29.Rf3 Ra8
30.Qe7 exd5 31.c5 Rb8 32.Rxf6 1/2-1/2

[Event "DRUGA LIGA CENTRALNE SRBIJE 2013 - Istok"]
[Site "Zajecar"]
[Date "2013.10.10"]
[Round "1.32"]
[White "Radovanovic, Nikola **"]
[Black "Cvetanovic, Uros **"]
[Result "1/2-1/2"]
[WhiteElo "2295"]
[BlackElo "2285"]
[PlyCount "0"]
[EventDate "2013.10.10"]

1.d4 Nf6 2.c4 e6 3.Nc3 Bb4 4.Qc2 O-O 5.a3 Bxc3+ 6.Qxc3 Ne4 7.Qc2
f5 8.Nf3 b6 9.e3 Bb7 10.Bd3 a5 11.b3 d6 12.O-O Nd7 13.Nd2 Qh4
14.f3 Ng5 15.Rf2 Nf6 16.d5 exd5 17.Bxf5 g6 18.Bxg6 hxg6 19.cxd5
Rf7 20.Bb2 Nxd5 21.Qxg6+ Kf8 22.f4 Nxe3 23.Qxg5 Qxg5 24.fxg5
Rxf2 25.Kxf2 Nxg2 26.Rc1 c5 27.Kg3 Ne3 28.Nc4 Nxc4 29.bxc4 Re8
30.h4 Re3+ 31.Kg4 Re2 32.Bc3 Kg8 33.Kh5 Bf3+ 34.Kh6 Re4 35.Be1
Re6+ 36.g6 Re5 37.g7 Kf7 38.g8Q+ Kxg8 1/2-1/2

[Event "DRUGA LIGA CENTRALNE SRBIJE 2013 - Istok"]
[Site "Zajecar"]
[Date "2013.10.10"]
[Round "1.33"]
[White "Djokic, Nebojsa"]
[Black "Radovic, Luka **"]
[Result "1/2-1/2"]
[WhiteElo "2193"]
[BlackElo "2089"]
[PlyCount "0"]
[EventDate "2013.10.10"]

1.e4 e6 2.d4 d5 3.Nc3 Nf6 4.e5 Nfd7 5.f4 a6 6.Nf3 c5 7.Be3 Nc6
8.Qd2 b5 9.a3 Bb7 10.Qf2 Qb6 11.dxc5 Bxc5 12.Bxc5 Qxc5 13.Qxc5
Nxc5 14.Ne2 f6 15.Ned4 Nxd4 16.Nxd4 Ke7 17.Bd3 Ne4 18.exf6+ gxf6
19.O-O Nc5 20.Rae1 Kd7 21.Rf3 Rae8 22.Rfe3 Ne4 23.Bxe4 dxe4 24.f5
exf5 25.Nxf5 Re5 26.Rd1+ Kc7 27.Rc3+ Kb8 28.Ne3 Rc8 29.Rxc8+
Bxc8 30.Kf2 Kc7 31.Kg3 Bb7 32.Kf4 a5 33.g4 h5 34.h3 hxg4 35.hxg4
Bc6 36.Rd4 Rc5 37.c3 Re5 38.b4 axb4 39.axb4 Bb7 40.Nf5 Bc6 41.Ke3
Re8 42.Rd6 Rh8 43.Rxf6 Rh3+ 44.Kd2 Rh2+ 45.Ke1 Bd7 46.Rh6 Rxh6
47.Nxh6 Kd6 48.Kd2 Ke5 49.Ke3 Bc8 50.g5 Be6 51.g6 Kf6 52.Nf7
Bxf7 53.gxf7 Kxf7 54.Kxe4 Ke6 55.Kf4 Kd5 56.Ke3 1/2-1/2

[Event "DRUGA LIGA CENTRALNE SRBIJE 2013 - Istok"]
[Site "Zajecar"]
[Date "2013.10.10"]
[Round "1.34"]
[White "Djuretanovic, Ivan"]
[Black "Djukic, Slobodan D"]
[Result "0-1"]
[WhiteElo "2033"]
[BlackElo "2188"]
[PlyCount "0"]
[EventDate "2013.10.10"]

1.e4 c5 2.Nf3 Nc6 3.d4 cxd4 4.Nxd4 Nf6 5.Nc3 e5 6.Ndb5 d6 7.Bg5
a6 8.Na3 b5 9.Nd5 Qa5+ 10.Bd2 Qd8 11.Bg5 Be7 12.Bxf6 Bxf6 13.c3
O-O 14.Be2 Bg5 15.Bg4 Bb7 16.O-O Ne7 17.Nxe7+ Qxe7 18.Qe2 d5
19.Bf3 f5 20.exf5 Rxf5 21.Rad1 Rd8 22.Nc2 Rdf8 23.g3 Bf6 24.Bg2
Re8 25.Ne3 e4 26.Nxf5 Qc5 27.a3 a5 28.Nd4 b4 29.axb4 axb4 30.Bh3
Qb6 31.Rfe1 Ba6 32.Qh5 Re5 33.Bf5 g6 34.Qg4 Kf7 35.h4 gxf5 36.Nxf5
Qe6 37.Qh5+ Kg8 38.g4 Qe8 39.Qh6 Qg6 40.Qf4 Rxf5 41.Qxf5 Qxf5
42.gxf5 bxc3 43.bxc3 Bd3 44.Re3 Bxc3 45.Rg3+ Kf7 46.Kh1 Be5 47.Rg5
Bf4 48.Rdg1 Be2 0-1

[Event "DRUGA LIGA CENTRALNE SRBIJE 2013 - Istok"]
[Site "Zajecar"]
[Date "2013.10.10"]
[Round "1.35"]
[White "Madjar, Stanislav"]
[Black "Lazic, Milan B"]
[Result "0-1"]
[WhiteElo "2181"]
[BlackElo "1982"]
[PlyCount "0"]
[EventDate "2013.10.10"]

1.c4 c5 2.Nc3 Nc6 3.Nf3 g6 4.e3 Nf6 5.d4 cxd4 6.exd4 d5 7.cxd5
Nxd5 8.Bc4 e6 9.O-O Nb6 10.Bb3 Bg7 11.Bg5 f6 12.Be3 Na5 13.Re1
O-O 14.d5 Nbc4 15.Bc5 Re8 16.dxe6 Bxe6 17.Ba4 Qxd1 18.Nxd1 Nc6
19.Rc1 Bh6 20.Rc2 Bf7 21.Rce2 Rxe2 22.Rxe2 N4e5 23.Nxe5 Nxe5
24.Nc3 Bc4 25.Re4 Bf7 26.Bd4 Bc1 27.Ne2 Bd5 28.Bb3 Bxb3 29.axb3
Rc8 30.f4 Nd3 31.Bxf6 Kf7 32.Bg5 Rc7 33.h3 Bxb2 34.Kh2 b5 35.Bd8
Rd7 36.Ba5 Nc5 37.Re3 Rd3 38.Rxd3 Nxd3 39.Bd2 Nc5 40.Be3 Nxb3
41.Bxa7 Ke6 42.g4 Kd5 43.f5 gxf5 44.gxf5 Be5+ 45.Kg2 b4 46.Kf3
Na5 47.Nf4+ Bxf4 48.Kxf4 b3 49.f6 b2 0-1

[Event "DRUGA LIGA CENTRALNE SRBIJE 2013 - Istok"]
[Site "Zajecar"]
[Date "2013.10.10"]
[Round "1.36"]
[White "Dragojevic, Dragan"]
[Black "Mickovic, Slavisa"]
[Result "1-0"]
[WhiteElo "1960"]
[BlackElo "2119"]
[PlyCount "0"]
[EventDate "2013.10.10"]

1.e4 c6 2.d4 d5 3.e5 Bf5 4.Bd3 Bxd3 5.Qxd3 e6 6.Ne2 h5 7.h4 Ne7
8.Bg5 Qb6 9.Nd2 Nf5 10.O-O-O Qa6 11.Qb3 Nd7 12.c4 Nb6 13.cxd5
cxd5 14.Rhe1 Nc4 15.Nb1 Rc8 16.Nbc3 Na5 17.Qc2 Be7 18.Kb1 b5
19.Qd3 O-O 20.Nxd5 Bxg5 21.hxg5 Qb7 22.Nf6+ gxf6 23.gxf6 Kh7
24.Rh1 Rh8 25.g4 Kg8 26.gxf5 Kf8 27.Qa3+ b4 28.Qxa5 Qe4+ 29.Ka1
Qxe2 30.Qxb4+ Kg8 31.Qb7 Rf8 32.Rdg1+ Kh7 33.fxe6 Kh6 1-0

[Event "DRUGA LIGA CENTRALNE SRBIJE 2013 - Istok"]
[Site "Zajecar"]
[Date "2013.10.10"]
[Round "1.37"]
[White "Milosevic, Jovana **"]
[Black "Mitic, Zoran"]
[Result "1-0"]
[WhiteElo "1931"]
[BlackElo "1933"]
[PlyCount "0"]
[EventDate "2013.10.10"]

1.Nf3 Nf6 2.c4 g6 3.Nc3 Bg7 4.e4 d6 5.d4 b6 6.Be2 O-O 7.Qc2 c5
8.b3 Nc6 9.d5 Nb4 10.Qb1 Nxe4 11.Nxe4 Bxa1 12.a3 f5 13.axb4 fxe4
14.Qxa1 exf3 15.Bh6 Rf7 16.Bxf3 cxb4 17.h4 Qe8 18.Kd1 a5 19.h5
Rf6 20.Re1 Ra7 21.Qxf6 Qf7 22.Qd4 Qf5 1-0

[Event "DRUGA LIGA CENTRALNE SRBIJE 2013 - Istok"]
[Site "Zajecar"]
[Date "2013.10.10"]
[Round "1.38"]
[White "Radovic, Janko **"]
[Black "Ilic, Aleksandar"]
[Result "1-0"]
[WhiteElo "2077"]
[BlackElo "2120"]
[PlyCount "0"]
[EventDate "2013.10.10"]

1.e4 c5 2.c3 Nf6 3.e5 Nd5 4.d4 cxd4 5.cxd4 e6 6.Nf3 d6 7.Bc4
Nc6 8.O-O Be7 9.Qe2 O-O 10.a3 Qb6 11.Qe4 Na5 12.Bd3 f5 13.exf6
Nxf6 14.Qh4 Nb3 15.Ra2 Nxc1 16.Rxc1 g6 17.Nc3 Rf7 18.Re1 Nh5
19.Qe4 Bd7 20.Qe3 Nf4 21.Bf1 Qb3 22.Nd2 Qb6 23.Nf3 Raf8 24.Ne4
Rf5 25.b4 Kg7 26.Nfd2 Qd8 27.Rc2 b6 28.g3 Nh5 29.Qb3 b5 30.Bh3
R5f7 31.Qd3 a6 32.Bg2 Qb6 33.Nf1 h6 34.Ne3 Nf6 35.Rec1 Bd8 36.Rd2
Nh7 37.h4 d5 38.Nc5 Bc8 39.Ng4 Bc7 40.Qe3 g5 41.Ne5 Re7 42.Ncd3
Bb7 43.Bh3 Rf6 44.Rdc2 Bd6 45.Nc5 Bc8 46.f4 gxf4 47.gxf4 Bxe5
48.Rg2+ Rg6 49.Rxg6+ Kxg6 50.fxe5 Kg7 51.Kh2 Qd8 52.Rg1+ Kh8
53.Qxh6 Qf8 54.Qxf8+ Nxf8 55.Rf1 Kg7 56.Rf6 Rf7 57.Nxe6+ Bxe6
58.Bxe6 Nxe6 59.Rxe6 Rf4 60.Kg3 Rxd4 61.Rxa6 Re4 62.e6 Kf6 63.h5
Re1 64.h6 Rh1 65.Kf4 Rh4+ 66.Ke3 Kf5 67.Kd3 Rxh6 68.e7 Rh8 69.Rd6
Re8 70.Rxd5+ Kf6 71.Rxb5 Rxe7 72.Rd5 Re6 73.Rd4 Ra6 74.Kc4 Rxa3
75.Kc5 Rc3+ 76.Kb6 Ra3 77.b5 Ra2 1-0

[Event "DRUGA LIGA CENTRALNE SRBIJE 2013 - Istok"]
[Site "Zajecar"]
[Date "2013.10.10"]
[Round "1.41"]
[White "Trailovic, Mile"]
[Black "Raicevic, Ivica"]
[Result "0-1"]
[WhiteElo "2149"]
[BlackElo "2264"]
[PlyCount "0"]
[EventDate "2013.10.10"]

1.e4 e6 2.Nc3 d5 3.d3 Nf6 4.Bd2 Nc6 5.g3 dxe4 6.dxe4 e5 7.h3
Bc5 8.Nge2 Be6 9.Bg2 Qd7 10.Bg5 O-O-O 11.Bxf6 Qxd1+ 12.Nxd1 gxf6
13.a3 Rd7 14.Ndc3 Rhd8 15.b4 Bd4 16.Nxd4 Rxd4 17.Rd1 a5 18.Rxd4
Nxd4 19.O-O axb4 20.axb4 Nxc2 21.Rb1 Rd4 22.b5 Rb4 23.Rxb4 Nxb4
24.g4 Kd7 25.Bf1 Kd6 26.Kg2 Kc5 27.Kg3 Bc4 28.Bg2 Kd4 29.Nd1
Nc2 30.Kh4 Bxb5 31.Kh5 Be2 32.Nb2 Ne1 33.Bh1 Kc3 34.Na4+ Kb4
35.Nb2 Kb3 36.Kh6 Kxb2 37.Kxh7 c5 38.Kg7 c4 0-1

[Event "DRUGA LIGA CENTRALNE SRBIJE 2013 - Istok"]
[Site "Zajecar"]
[Date "2013.10.10"]
[Round "1.42"]
[White "Dmitrovic, Tomislav"]
[Black "Tosic, Branislav"]
[Result "1-0"]
[WhiteElo "2249"]
[BlackElo "2248"]
[PlyCount "0"]
[EventDate "2013.10.10"]

1.d4 Nf6 2.Bg5 Ne4 3.Bf4 d5 4.e3 c5 5.c3 Nc6 6.Nf3 Qb6 7.Qc1
Bg4 8.Nbd2 Nxd2 9.Qxd2 e6 10.Be2 Be7 11.O-O O-O 12.h3 Bf5 13.dxc5
Qxc5 14.b4 Qb6 15.a4 Rac8 16.a5 Qd8 17.a6 b6 18.Bb5 Bf6 19.Rac1
Be4 20.Nd4 Ne7 21.Bh2 e5 22.Nb3 Bf5 23.f4 exf4 24.Bxf4 Bd7 25.Be2
Be6 26.Nd4 Bd7 27.Nb5 Bxb5 28.Bxb5 Ng6 29.Bg3 Qe7 30.Qxd5 Qxe3+
31.Bf2 Qe5 32.c4 Qb8 33.Qb7 Rc7 34.Qxb8 Rxb8 35.Rfe1 Be5 36.h4
f6 37.g3 Ne7 38.Red1 Kf7 39.Kg2 Nf5 40.Ba4 Ne7 41.Rd7 Ke6 42.Rcd1
f5 43.Be3 h6 44.h5 Ra8 45.c5 bxc5 46.Bxc5 Nc8 47.Bb3+ Kf6 48.Rxc7
Bxc7 49.Rd7 Bb6 50.Bf8 g6 51.hxg6 Kxg6 52.Rg7+ Kf6 53.Bd5 Rb8
54.Rb7 1-0

[Event "DRUGA LIGA CENTRALNE SRBIJE 2013 - Istok"]
[Site "Zajecar"]
[Date "2013.10.10"]
[Round "1.43"]
[White "Devetak, Dusan"]
[Black "Markovic, Marko"]
[Result "1-0"]
[WhiteElo "2147"]
[BlackElo "2292"]
[PlyCount "0"]
[EventDate "2013.10.10"]

1.e4 e5 2.Nf3 Nc6 3.d4 exd4 4.Nxd4 Nf6 5.Nxc6 bxc6 6.e5 Ne4 7.Bd3
Nc5 8.O-O Be7 9.Qg4 g6 10.Bh6 Rb8 11.Qd4 Nxd3 12.cxd3 Rg8 13.Be3
d5 14.exd6 cxd6 15.Nc3 c5 16.Qa4+ Qd7 17.Qa3 Qc6 18.Rfe1 Bb7
19.f3 g5 20.d4 cxd4 21.Bxd4 Kf8 22.Qxa7 Ra8 23.Qb6 Qxb6 24.Bxb6
g4 25.f4 Bf6 26.Red1 Bxc3 27.bxc3 Ra6 28.Rxd6 Rg6 29.Rxg6 hxg6
30.Bc5+ Ke8 31.a4 Re6 32.Kf2 Ba6 33.Re1 Rxe1 34.Kxe1 Kd7 35.Kf2
Ke6 36.Ke3 Kd5 37.Bd4 f5 38.Be5 Bc4 39.Bd4 Ba6 40.Bf6 Bc4 41.Kf2
Ke6 42.Bg5 Ba6 43.Kg3 Bf1 44.h3 gxh3 45.gxh3 Kd5 46.Bf6 Kc4 47.Kh4
Kd5 48.Bd4 Ke6 49.a5 Kf7 50.Be5 Ke6 51.Kg3 Kd5 52.Kh4 Ke6 53.Bd4
Kf7 54.Kg3 Ke6 55.Bc5 Kd5 56.Bb4 Bc4 57.Kh4 Bf1 58.a6 Kc6 59.a7
Kb7 60.Bc5 Ka8 61.Kg3 Kb7 62.Bd4 Ka8 63.h4 Bc4 64.Kf2 Kb7 65.Ke3
Bd5 66.Bc5 Bg2 67.Kd4 Bf3 68.Ke5 Ka8 69.Bd4 Be2 70.Kd6 Kb7 71.Ke6
Ka8 72.Kf6 Bh5 73.c4 Kb7 74.Bb6 Ka8 75.c5 1-0

[Event "DRUGA LIGA CENTRALNE SRBIJE 2013 - Istok"]
[Site "Zajecar"]
[Date "2013.10.10"]
[Round "1.44"]
[White "Trifunovic, Miroljub"]
[Black "Dragic, Vladimir"]
[Result "1-0"]
[WhiteElo "2263"]
[BlackElo "2145"]
[PlyCount "0"]
[EventDate "2013.10.10"]

1.d4 d6 2.c4 g6 3.Nc3 Bg7 4.e4 Nc6 5.d5 Nd4 6.Be3 c5 7.dxc6 Nxc6
8.Qd2 Nf6 9.h3 O-O 10.Nf3 Qa5 11.Be2 Be6 12.O-O Rfc8 13.Rac1
Ne5 14.b3 Bd7 15.Nd4 Nc6 16.Rfd1 Nxd4 17.Bxd4 Bc6 18.Bf3 Kf8
19.Be3 a6 20.Nd5 Qxd2 21.Rxd2 Nxd5 22.exd5 Bd7 23.Be4 b5 24.c5
dxc5 25.d6 Rab8 26.dxe7+ Kxe7 27.Bxc5+ Ke8 28.Re2 Kd8 29.Bd5
Be8 30.b4 Bf6 31.Rce1 Kc7 32.Ba7 Kd6 33.Bxb8+ Rxb8 34.Rxe8 Rxe8
35.Rxe8 Kxd5 36.Ra8 Bc3 37.a3 Kc4 38.Rxa6 Bb2 39.a4 Kxb4 40.axb5
Kxb5 41.Ra7 1-0

[Event "DRUGA LIGA CENTRALNE SRBIJE 2013 - Istok"]
[Site "Zajecar"]	
[Date "2013.10.10"]
[Round "1.45"]
[White "Floricelovic, Milos *"]
[Black "Zafirovski, Mite"]
[Result "0-1"]
[WhiteElo "2042"]
[BlackElo "2256"]
[PlyCount "0"]
[EventDate "2013.10.10"]

1.e4 c5 2.Nf3 Nc6 3.d4 cxd4 4.Nxd4 Qc7 5.Nc3 e6 6.Be3 a6 7.Bd3
Nf6 8.Nb3 b5 9.O-O d6 10.f4 Bb7 11.a3 Be7 12.Kh1 O-O 13.Qf3 b4
14.Ne2 bxa3 15.bxa3 Nb8 16.Bd4 Nbd7 17.Ng3 a5 18.a4 Rfc8 19.c4
Bc6 20.Qe2 Rcb8 21.Nd2 e5 22.Nf5 Bf8 23.Bc3 g6 24.Ng3 Bg7 25.f5
Nc5 26.Bc2 Rf8 27.h4 Qe7 28.Nf3 h6 29.Bd2 Rfb8 30.Rfb1 Rxb1+
31.Rxb1 Bxa4 32.Bxa4 Nxa4 33.fxg6 fxg6 34.h5 Nxh5 35.Nxh5 gxh5
36.Qd1 Nc5 37.Bxh6 Rf8 38.Bg5 Bf6 39.Be3 Ne6 40.Qd5 Rf7 41.Qxa5
Kg7 42.Qd2 Kg6 43.Rb6 Nd4 44.Bxd4 exd4 45.Qf4 Kg7 46.Rxd6 Kg8
47.e5 Bg7 48.Qxd4 Rf8 49.Rd7 Qa3 50.e6 Bxd4 51.Rxd4 Rxf3 52.Rd7 0-1